<?xml version="1.0" encoding="UTF-8"?>
<record
    xmlns:xsi="http://www.w3.org/2001/XMLSchema-instance"
    xsi:schemaLocation="http://www.loc.gov/MARC21/slim http://www.loc.gov/standards/marcxml/schema/MARC21slim.xsd"
    xmlns="http://www.loc.gov/MARC21/slim">

  <leader>01691nam a2200385   4500</leader>
  <controlfield tag="001">4998543</controlfield>
  <controlfield tag="005">20150505160034.0</controlfield>
  <controlfield tag="007">000</controlfield>
  <controlfield tag="008">000</controlfield>
  <datafield tag="010" ind1=" " ind2=" ">
    <subfield code="a">   88002306 </subfield>
  </datafield>
  <datafield tag="020" ind1=" " ind2=" ">
    <subfield code="a">0201505339 (5 1/4 in. disks) :</subfield>
    <subfield code="c">$39.95</subfield>
  </datafield>
  <datafield tag="020" ind1=" " ind2=" ">
    <subfield code="a">020150538X (manual)</subfield>
  </datafield>
  <datafield tag="020" ind1=" " ind2=" ">
    <subfield code="a">0201505363 (3 1/2 in. disk)</subfield>
  </datafield>
  <datafield tag="040" ind1=" " ind2=" ">
    <subfield code="a">UOEL</subfield>
    <subfield code="c">DLC</subfield>
    <subfield code="d">DLC</subfield>
  </datafield>
  <datafield tag="050" ind1="0" ind2="0">
    <subfield code="a">QA276.4</subfield>
    <subfield code="b">.S35 1989</subfield>
  </datafield>
  <datafield tag="082" ind1="0" ind2="0">
    <subfield code="a">519.5/02855369</subfield>
    <subfield code="2">19</subfield>
  </datafield>
  <datafield tag="100" ind1="1" ind2=" ">
    <subfield code="a">Schaefer, Robert L.</subfield>
  </datafield>
  <datafield tag="245" ind1="1" ind2="4">
    <subfield code="a">The student edition of Minitab</subfield>
    <subfield code="h">[computer file] :</subfield>
    <subfield code="b">statistical software-- adapted for education /</subfield>
    <subfield code="c">Robert L. Schaefer, Richard B. Anderson.</subfield>
  </datafield>
  <datafield tag="260" ind1=" " ind2=" ">
    <subfield code="a">Reading, Mass. :</subfield>
    <subfield code="b">Addison-Wesley,</subfield>
    <subfield code="c">c1989.</subfield>
  </datafield>
  <datafield tag="300" ind1=" " ind2=" ">
    <subfield code="a">3 computer disks ;</subfield>
    <subfield code="c">5 1/4 in. +</subfield>
    <subfield code="e">1 instructor's manual (365 p.) + 1 quick reference card.</subfield>
  </datafield>
  <datafield tag="500" ind1=" " ind2=" ">
    <subfield code="a">Title from manual.</subfield>
  </datafield>
  <datafield tag="500" ind1=" " ind2=" ">
    <subfield code="a">Not copy-protected.</subfield>
  </datafield>
  <datafield tag="520" ind1=" " ind2=" ">
    <subfield code="a">An interactive software package for organizing, analyzing, and reporting statistical data. Statistical features include basic statistics, regression analysis, analysis of variance, and nonparametric tests, among others, with graphics to enhance the display of data.</subfield>
  </datafield>
  <datafield tag="521" ind1=" " ind2=" ">
    <subfield code="a">College/university.</subfield>
  </datafield>
  <datafield tag="530" ind1=" " ind2=" ">
    <subfield code="a">Issued also on 3 1/2 in. computer disk.</subfield>
  </datafield>
  <datafield tag="538" ind1=" " ind2=" ">
    <subfield code="a">System requirements: IBM PC, XT, AT, or PS/2; 512K; MS-DOS or PC-DOS 2.0 (or higher); 2 disk drives (hard disk drive optional); monochrome or color monitor; 40 or 80-column printer.</subfield>
  </datafield>
  <datafield tag="650" ind1=" " ind2="0">
    <subfield code="a">Statistics</subfield>
    <subfield code="x">Mathematics</subfield>
  </datafield>
  <datafield tag="650" ind1=" " ind2="0">
    <subfield code="a">Software</subfield>
    <subfield code="x">Mathematics</subfield>
  </datafield>
  <datafield tag="700" ind1="1" ind2=" ">
    <subfield code="a">Anderson, Richard B.</subfield>
  </datafield>
  <datafield tag="740" ind1="0" ind2=" ">
    <subfield code="a">Minitab.</subfield>
  </datafield>
  <datafield tag="753" ind1=" " ind2=" ">
    <subfield code="a">IBM PC</subfield>
    <subfield code="c">MS-DOS 2.0</subfield>
  </datafield>
  <datafield tag="753" ind1=" " ind2=" ">
    <subfield code="a">IBM PS/2</subfield>
    <subfield code="c">MS-DOS 2.0</subfield>
  </datafield>
  <datafield tag="906" ind1=" " ind2=" ">
    <subfield code="a">7</subfield>
    <subfield code="b">cbc</subfield>
    <subfield code="c">orignew</subfield>
    <subfield code="d">u</subfield>
    <subfield code="e">ocip</subfield>
    <subfield code="f">19</subfield>
    <subfield code="g">y-gencompf</subfield>
  </datafield>
  <datafield tag="942" ind1=" " ind2=" ">
    <subfield code="2">lcc</subfield>
    <subfield code="c">LL</subfield>
  </datafield>
  <datafield tag="999" ind1=" " ind2=" ">
    <subfield code="c">6594</subfield>
    <subfield code="d">6594</subfield>
  </datafield>
  <datafield tag="952" ind1=" " ind2=" ">
    <subfield code="0">0</subfield>
    <subfield code="1">0</subfield>
    <subfield code="2">lcc</subfield>
    <subfield code="4">0</subfield>
    <subfield code="7">0</subfield>
    <subfield code="a">UOE</subfield>
    <subfield code="b">UOE</subfield>
    <subfield code="c">GEN</subfield>
    <subfield code="d">2015-05-05</subfield>
    <subfield code="l">0</subfield>
    <subfield code="o">QA276.4 .S35 1989</subfield>
    <subfield code="p">20147370</subfield>
    <subfield code="r">2026-04-27 11:57:29</subfield>
    <subfield code="t">20147370</subfield>
    <subfield code="w">2015-05-05</subfield>
    <subfield code="y">LL</subfield>
  </datafield>
  <datafield tag="952" ind1=" " ind2=" ">
    <subfield code="0">0</subfield>
    <subfield code="1">0</subfield>
    <subfield code="2">lcc</subfield>
    <subfield code="4">0</subfield>
    <subfield code="7">0</subfield>
    <subfield code="a">UOE</subfield>
    <subfield code="b">UOE</subfield>
    <subfield code="c">GEN</subfield>
    <subfield code="d">2015-05-05</subfield>
    <subfield code="l">0</subfield>
    <subfield code="o">QA276.4 .S35 1989</subfield>
    <subfield code="p">20147350</subfield>
    <subfield code="r">2026-04-27 11:57:30</subfield>
    <subfield code="t">20147350</subfield>
    <subfield code="w">2015-05-05</subfield>
    <subfield code="y">LL</subfield>
  </datafield>
</record>
